00218nam a22000857a 4500008004100000082001600041245003700057260003000094300000800124230704b xxu||||| |||| 00| 0 eng d a342.07bECK aKanuni za Utendakazi za Uchaguzi bTume ya Uchaguzi ya Kenya a16p